Economic progress (Record no. 571687)

MARC details
000 -LEADER
fixed length control field 00842nam a2200289Ia 4500
003 - CONTROL NUMBER IDENTIFIER
control field OSt
005 - DATE AND TIME OF LATEST TRANSACTION
control field 20220925220515.0
008 - FIXED-LENGTH DATA ELEMENTS--GENERAL INFORMATION
fixed length control field 220923b |||||||| |||| 00| 0 eng d
020 ## - INTERNATIONAL STANDARD BOOK NUMBER
International Standard Book Number 0333406303
037 ## - SOURCE OF ACQUISITION
Terms of availability General Book
040 ## - CATALOGING SOURCE
Original cataloging agency RTL
Transcribing agency RTL
Language of cataloging eng
041 ## - LANGUAGE CODE
Source of code eng
Language code of text/sound track or separate title eng
100 ## - MAIN ENTRY--PERSONAL NAME
Personal name Dupriez Leon H
9 (RLIN) 284941
245 #0 - TITLE STATEMENT
Title Economic progress
250 ## - EDITION STATEMENT
Edition statement 2
260 ## - PUBLICATION, DISTRIBUTION, ETC.
Place of publication, distribution, etc. London
Name of publisher, distributor, etc. Macmillan
Date of publication, distribution, etc. 1987
300 ## - PHYSICAL DESCRIPTION
Extent xxviii,389p
Dimensions cm.
490 ## - SERIES STATEMENT
Series statement International Economic Assocaition Publication
500 ## - GENERAL NOTE
General note Bibliography chapterwise
700 ## - ADDED ENTRY--PERSONAL NAME
Personal name Hague Douglas
9 (RLIN) 284942
700 ## - ADDED ENTRY--PERSONAL NAME
Personal name Robbinson Austin
9 (RLIN) 284943
942 ## - ADDED ENTRY ELEMENTS (KOHA)
Classification part Xp1,N53, J5;M7
Koha item type General Books
Source of classification or shelving scheme Colon Classification (CC)
Holdings
Withdrawn status Lost status Damaged status Not for loan Home library Current library Date acquired Total Checkouts Full call number Barcode Date last seen Price effective from Koha item type
        Ratan Tata Library Ratan Tata Library 2022-09-25   Xp1,N53 J5;M7 RT1004183 2022-09-25 2022-09-25 General Books
Copyright @ Delhi University Library System